Nhà xuất bản Kim Đồng và nền văn học cho thiếu nhi của Việt Nam /

Tallennettuna:
Bibliografiset tiedot
Päätekijä: Văn Hồng.
Aineistotyyppi: Artikkeli
Kieli:Vietnamese
Aiheet:
Tagit: Lisää tagi
Ei tageja, Lisää ensimmäinen tagi!
Thư viện lưu trữ: Thư viện Trường Đại học Đà Lạt
LEADER 00795nam a2200265 4500
001 DLU090074366
005 ##20090507
040 # # |a DLU  |b vie 
041 # # |a vie 
044 # # |a vn 
100 # # |a Văn Hồng. 
245 # # |a Nhà xuất bản Kim Đồng và nền văn học cho thiếu nhi của Việt Nam /  |c Văn Hồng.  
653 # # |a Chủ nghĩa anh hùng cách mạng 
653 # # |a Giáo dục  
653 # # |a Văn học thiếu nhi  
773 # # |t Tạp chí văn học  |g Số 3, 1981, tr.105-110 
920 # # |a Phòng Tạp chí -- Trung tâm Thông tin - Thư viện Trường Đại học Đà Lạt 
994 # # |a DLU 
900 # # |a True 
911 # # |a Nguyễn Thị Linh Chi 
925 # # |a G 
926 # # |a A 
927 # # |a BB 
980 # # |a Thư viện Trường Đại học Đà Lạt